LEADER 01011nkm1-2200349---450- 001 990005699110203316 005 20061120 035 $a000569911 035 $aUSA01000569911 035 $a(ALEPH)000569911USA01 035 $a000569911 100 $a20061026g2003----|||y0itaa50------ba 101 $aeng 102 $ade 105 $a0 00||| 200 1 $aCollected works$fGustav Bergmann 210 $aFrankfurt$cOntos$d2003- 215 $av.$d22 cm. 463 \1$1001990005699120203316$12001 $a<<2.: >> Selected papers. 2. 463 \1$1001990005699130203316$12001 $a<> Realism$ea critique of Brentano and Meinong 463 \1$1001990005700040203316$12001 $a<<1.: >> Selected papers. 1. 620 $dFRANKFURT AM MAIN 676 $a121 700 1$aBERGMANN,$bGustav$0615424 712 02$aONTOS 801 0$aIT$bSA$c20111219 912 $a990005699110203316 959 $aBK 969 $aFIL 979 $c20121027$lUSA01$h1526 996 $aCollected works$91084034 997 $aUNISA LEADER 01728nam0 2200361 i 450 001 VAN0052442 005 20240125110626.192 010 $a978-04-86667-45-4 100 $a20060915d1991 |0itac50 ba 101 $aeng 102 $aUS 105 $a|||| ||||| 200 1 $aWave motion in elastic solids$fby Karl F. Graff 210 $aNew York$cDover$d1991 215 $aXV, 649 p.$cill.$d22 cm 410 1$1001VAN0023566$12001 $aDover books on advanced mathematics$1210 $aNew York$cDover 606 $a74-XX$xMechanics of deformable solids [MSC 2020]$3VANC022466$2MF 606 $a76Qxx$xHydro- and aero-acoustics [MSC 2020]$3VANC022533$2MF 606 $a74Kxx$xThin bodies, structures [MSC 2020]$3VANC023093$2MF 606 $a74J10$xBulk waves in solid mechanics [MSC 2020]$3VANC023454$2MF 606 $a74K25$xShells [MSC 2020]$3VANC023455$2MF 606 $a74Hxx$xDynamical problems in solid mechanics [MSC 2020]$3VANC023456$2MF 606 $a74L05$xGeophysical solid mechanics [MSC 2020]$3VANC023457$2MF 620 $aUS$dNew York$3VANL000011 700 1$aGraff$bKarl F.$3VANV041332$040661 712 $aDover $3VANV108158$4650 801 $aIT$bSOL$c20240126$gRICA 856 4 $uhttps://books.google.it/books?id=pNDdCgAAQBAJ&pg=PA122&dq=0486667456&hl=it&sa=X&ved=0ahUKEwjJgt7m7uHbAhXBvBQKHaR2BisQ6AEIKjAA#v=onepage&q=0486667456&f=false$zPreview 899 $aBIBLIOTECA DEL DIPARTIMENTO DI MATEMATICA E FISICA$1IT-CE0120$2VAN08 912 $aVAN0052442 950 $aBIBLIOTECA DEL DIPARTIMENTO DI MATEMATICA E FISICA$d08PREST 74-XX 1684 $e08 576 I 20060915 996 $aWave motion in elastic solids$9348278 997 $aUNICAMPANIA